| 000 | 00684nam a2200229Ia 4500 | ||
|---|---|---|---|
| 003 | OSt | ||
| 005 | 20250929095952.0 | ||
| 008 | 210716s2001 xx 000 0 und d | ||
| 020 | _a1565293231 | ||
| 040 | _cAIMIT LIBRARY | ||
| 041 | _aeng | ||
| 082 |
_a005.7525 _bHEAP |
||
| 100 |
_aHeathcote, P M. _9240452 |
||
| 245 |
_aSuccessful projects in access / _cBy P.M. Heathcote. |
||
| 250 | _a1st ed. | ||
| 260 |
_aNew Delhi : _bBPB Publications , _c2001. |
||
| 300 |
_aviii,170,32,B-10 _bPB _c28.5 cm. |
||
| 650 |
_aCreating tables and relationships _9240453 |
||
| 650 |
_aAdvanced queries _9240454 |
||
| 650 |
_aReports and charts _9240455 |
||
| 942 |
_2ddc _cBK _e1st _k005.7525 HEAP |
||
| 999 |
_c184691 _d184691 |
||